000 00635nam a2200241Ia 4500
003 OSt
005 20221007105945.0
006 a|||||r|||| 00| 0
007 ta
008 221006b |||||||| |||| 00| 0 eng d
024 _a19,982
037 _cTextual
040 _aLCO
_cLCO
_beng
041 _2eng
_aeng
082 _aZ2,181, L2
100 _aHadden Tom
_9293754
245 0 _aCompany Law and Capitalism
260 _aLondon
_bWeidenfeld and Nicolson UK
_c1972
300 _a477
650 _aCOMPANY LAW AND CAPITALISM
_9707004
942 _hZ2,181, L2
_cTEXL
999 _c1189545
_d1189545